000 01507nam a2200229Ia 4500
003 Ost
005 20260507075603.0
008 260507s9999||||xx |||||||||||||| ||und||
040 _cfsecg
041 _aara
082 _a657.45
100 _aالوقاد ، سامي محمد
_eمؤلف
245 0 _aتدقيق الحسابات (1) /
_c سامي محمد الوقاد
260 _aعمان :
_bمكتبة المجتمع العربي,
_c2010
300 _a265 صفحة؛
_bإيضاحات ؛
_c24 سم
504 _aمراجع ص.265
520 _aمقدمة في علم التدقيق و القواعد العامة لتدقيق الحسابات ، الاخطاء و الغش ، مدقق الحسابات و أدلة و قرائن الاثبات في تدقيق الحسابات ، المقومات الاساسية لمهنة تدقيق الحسابات و الخطوات التنفيذية لها ، مفهوم و أهداف الرقابة الداخلية و المقومات الاساسية لها ، تقييم الاداء و علاقته بالرقابة الداخلية ، تدقيق العمليات و التدقيق على عناصر المركز المالي ، تقرير مدقق حسابات الخارجي و دور أجهزة الدولة في الرقابة على الأموال العمومية في التراث و التاريخ الاسلامي .
653 _aالحسابات
653 _aمحاسبة
653 _aمراجعة الحسابات
942 _cكتاب
999 _c45027
_d45027